000 00937nam a22002531u 4500
001 05471
003 HDC
007 cr bn ---aaaaa
008 210120p2013 | d 00 engg
040 _aHDC
100 _aHermanto, Sandra
_eauthor
_95708
245 0 _aDifferentiation of Bovine and Porcine Gelatin Based on Spectroscopic and Electrophoretic Analysis / by
_cSandra Hermanto, La Ode Sumarlin, Widya Fatimah
260 _a[no place] :
_b[publisher not identified],
_c2013
300 _a 1 online resource (6 pages)
336 _atext
_2rdacontent
337 _acomputer
_2rdamedia
338 _aonline resource
_2rdacarrier
650 _apepsin
_95709
650 _aPorcine Gelatin
_95716
856 _zRequest full-text at [email protected]
942 _2lcc
942 _cAR
942 _kJART 001398
999 _c2795
_d2795